[Event "AUTO-INT-3844"]
[Site "http://www.queenalice.com/game.php?id=1822051"]
[Date "2023.9.30"]
[Round "1"]
[White "Canaye14"]
[Black "attib"]
[Result "1-0"]
[WhiteElo "1786"]
[BlackElo "1703"]

1. d4 d5 2. c4 Nf6 3. Nc3 e6 4. cxd5 Nxd5 5. e4 Nxc3 6. bxc3 c6 7. Bd3 Be7 8.
Ne2 Bh4 9. O-O b6 10. Bb2 Bb7 11. Qc2 Nd7 12. Rad1 e5 13. Bc4 O-O 14. d5 cxd5
15. exd5 Qf6 16. Rd3 Rac8 17. Rh3 Rxc4 18. g3 Bg5 19. Qxh7# 1-0

[Event "AUTO-INT-3844"]
[Site "http://www.queenalice.com/game.php?id=1822052"]
[Date "2023.9.30"]
[Round "1"]
[White "attib"]
[Black "TammieM3ENF"]
[Result "1-0"]
[WhiteElo "1701"]
[BlackElo "1231"]

1. d4 e5 2. dxe5 f6 3. exf6 gxf6 4. e3 d5 5. Nf3 c5 6. c3 b5 7. Bxb5+ Nd7 8.
Qxd5 Rb8 9. Bc6 Rb6 10. Qe4+ Be7 11. Nh4 Nh6 12. Na3 Rxc6 13. Qxc6 a5 14. Nc4 a4
15. O-O f5 16. Qxh6 Bf8 17. Qe6+ Be7 18. Nd6+ Kf8 19. Qf7# 1-0

[Event "AUTO-INT-3844"]
[Site "http://www.queenalice.com/game.php?id=1822053"]
[Date "2023.9.30"]
[Round "1"]
[White "TammieM3ENF"]
[Black "attib"]
[Result "0-1"]
[WhiteElo "1233"]
[BlackElo "1699"]

1. d4 d5 2. e4 dxe4 3. f3 exf3 4. gxf3 e6 5. h4 c6 6. Nh3 Nf6 7. c4 Be7 8. d5
cxd5 9. cxd5 O-O 10. Nd2 Qxd5 11. b3 b6 12. a4 Bb7 13. b4 Bxb4 14. f4 Qxh1 15.
Rb1 Bg2 16. Nf2 Bxd2+ 17. Bxd2 Qxf1# 0-1

[Event "AUTO-ADV-4735"]
[Site "http://www.queenalice.com/game.php?id=1822120"]
[Date "2023.10.1"]
[Round "1"]
[White "serrameira"]
[Black "attib"]
[Result "1-0"]
[WhiteElo "1819"]
[BlackElo "1685"]

1. e4 e5 2. f4 exf4 3. Nf3 d6 4. b3 f6 5. Nc3 b6 6. d4 Bb7 7. d5 Be7 8. Bxf4 Nd7
9. Bb5 c6 10. dxc6 Bxc6 11. Bxc6 Qc7 12. Bxd7+ Qxd7 13. Nd5 O-O-O 14. Nd4 Re8
15. Qe2 Nh6 16. Bxh6 gxh6 17. Qc4+ Kb8 18. Nxe7 Ka8 19. Qd5+ Qb7 20. Ndc6 Rhg8
21. Nxg8 1-0

[Event "AUTO-ADV-4735"]
[Site "http://www.queenalice.com/game.php?id=1822121"]
[Date "2023.10.1"]
[Round "1"]
[White "attib"]
[Black "serrameira"]
[Result "0-1"]
[WhiteElo "1670"]
[BlackElo "1830"]

1. d4 d5 2. Nf3 g6 3. e3 Bg7 4. c4 e6 5. Nc3 c6 6. c5 Ne7 7. Be2 Nd7 8. b3 O-O
9. Bb2 Nf5 10. O-O e5 11. Nxe5 Nxe5 12. dxe5 Bxe5 13. Qc2 d4 14. Rfd1 Qf6 15.
Ne4 Qh4 16. g3 Qe7 17. exd4 Bg7 18. Nd6 Nxd6 19. cxd6 Qxd6 20. Qc1 Re8 21. Bc4
Be6 22. Bxe6 Qxe6 23. Qf4 Qf6 24. Qxf6 Bxf6 25. Rab1 Rad8 26. a4 Rd5 27. h4 Red8
0-1

[Event "AUTO-ADV-4735"]
[Site "http://www.queenalice.com/game.php?id=1822138"]
[Date "2023.10.1"]
[Round "1"]
[White "attib"]
[Black "maurice916"]
[Result "0-1"]
[WhiteElo "1690"]
[BlackElo "1961"]

1. d4 d5 2. Nf3 Nf6 3. e3 Bg4 4. c4 c6 5. Nbd2 Qc7 6. c5 a5 7. Be2 b6 8. cxb6
Qxb6 9. b3 e6 10. Bb2 Nbd7 11. O-O Be7 12. a3 O-O 13. Rc1 Rfc8 14. Ne5 Bxe2 15.
Nxd7 Nxd7 16. Qxe2 c5 17. dxc5 Nxc5 18. Bd4 Qb7 19. Qf3 Nd3 20. e4 Nxc1 0-1

[Event "AUTO-ADV-4735"]
[Site "http://www.queenalice.com/game.php?id=1822139"]
[Date "2023.10.1"]
[Round "1"]
[White "maurice916"]
[Black "attib"]
[Result "1-0"]
[WhiteElo "1966"]
[BlackElo "1674"]

1. Nf3 d5 2. e3 Nf6 3. c4 dxc4 4. Bxc4 e6 5. O-O Be7 6. Nc3 c6 7. b3 b6 8. Bb2
Bb7 9. Qc2 Nbd7 10. d4 O-O 11. e4 b5 12. Bd3 g6 13. Ne2 c5 14. Qd2 Bxe4 15. dxc5
Bxf3 16. gxf3 Bxc5 17. Ng3 Bd6 18. Bxb5 Bc5 19. Rad1 e5 20. Bxd7 Nxd7 21. Qxd7
Qxd7 22. Rxd7 f6 23. Rfd1 Rf7 24. Rxf7 Kxf7 25. Rd7+ Kg8 26. Ne4 1-0

[Event "AUTO-ADV-4735"]
[Site "http://www.queenalice.com/game.php?id=1822140"]
[Date "2023.10.1"]
[Round "1"]
[White "attib"]
[Black "Spessatto"]
[Result "0-1"]
[WhiteElo "1672"]
[BlackElo "1884"]

1. d4 d5 2. e3 a6 3. Nf3 Nf6 4. c4 Bg4 5. c5 h6 6. Be2 e6 7. Nc3 c6 8. a3 Be7 9.
O-O Nbd7 10. b4 O-O 11. Bb2 Ne4 12. Nd2 Bxe2 13. Nxe2 Ndf6 14. h3 Nxd2 15. Qxd2
Ne4 16. Qc2 Bg5 17. f4 Bh4 18. Rf3 f5 19. g3 Bf6 20. Nc3 g5 21. fxg5 Bxg5 22.
Raf1 Qc7 23. Ne2 Qg7 24. Kh2 Rf7 25. Rg1 Kh8 26. Nf4 Re8 27. h4 Be7 28. Nxe6 Qg4
29. Rgf1 Rg8 30. Qd1 Bxh4 0-1

[Event "AUTO-ADV-4735"]
[Site "http://www.queenalice.com/game.php?id=1822141"]
[Date "2023.10.1"]
[Round "1"]
[White "Spessatto"]
[Black "attib"]
[Result "1-0"]
[WhiteElo "1876"]
[BlackElo "1680"]

1. d4 d5 2. Nf3 e6 3. Bf4 Nf6 4. h3 c5 5. e3 c4 6. c3 Nc6 7. Be2 a6 8. O-O Bd6
9. Ne5 O-O 10. Nd2 Qc7 11. Ndf3 Ne4 12. Kh1 f6 13. Nxc6 bxc6 14. Bh2 e5 15. dxe5
fxe5 16. Qc2 Bf5 17. Qc1 Rfe8 18. Nh4 Be6 19. f3 Ng5 20. e4 Nxh3 21. exd5 cxd5
22. gxh3 Bxh3 23. Rg1 Qe7 24. Bg3 e4 25. Bxd6 Qxh4 26. Bh2 exf3 27. Bxf3 Red8
28. Qf4 Qxf4 29. Bxf4 Ra7 30. Bg4 Bxg4 31. Rxg4 1-0

[Event "AUTO-INT-3850"]
[Site "http://www.queenalice.com/game.php?id=1824292"]
[Date "2023.10.31"]
[Round "1"]
[White "NickThorp"]
[Black "attib"]
[Result "1-0"]
[WhiteElo "1573"]
[BlackElo "1554"]

1. e4 d5 2. exd5 Qxd5 3. Nf3 e6 4. d3 Nf6 5. Bg5 Be7 6. Nc3 Qd8 7. Be2 c6 8. O-O
b6 9. Ne5 Bb7 10. Bf3 Nbd7 11. Nxd7 Qxd7 12. a3 O-O 13. Ne4 Nxe4 14. Bxe7 Qxe7
15. Bxe4 Rab8 16. b4 Qg5 17. c4 f5 18. Bf3 e5 19. Re1 Rfe8 20. h3 Re6 21. a4 Rg6
22. Rxe5 1-0

[Event "AUTO-INT-3850"]
[Site "http://www.queenalice.com/game.php?id=1824293"]
[Date "2023.10.31"]
[Round "1"]
[White "attib"]
[Black "NickThorp"]
[Result "0-1"]
[WhiteElo "1539"]
[BlackElo "1588"]

1. d4 d5 2. Nf3 Nf6 3. e3 Bg4 4. Be2 e6 5. Nbd2 Bb4 6. a3 O-O 7. axb4 c6 8. b3
b5 9. Bb2 a6 10. O-O Nbd7 11. Bc3 h6 12. Re1 Ne4 13. Nxe4 dxe4 14. Ne5 Bxe2 15.
Qxe2 Nxe5 16. dxe5 Qc7 17. Qg4 Rad8 18. Rxa6 Ra8 19. Rxa8 Rxa8 20. f3 exf3 21.
Qxf3 Ra2 22. Rc1 Qd7 0-1

[Event "AUTO-INT-3850"]
[Site "http://www.queenalice.com/game.php?id=1824308"]
[Date "2023.10.31"]
[Round "1"]
[White "Castling"]
[Black "attib"]
[Result "1-0"]
[WhiteElo "1512"]
[BlackElo "1605"]

1. e4 d5 2. e5 c5 3. Bb5+ Bd7 4. Nc3 e6 5. Bxd7+ Nxd7 6. Nf3 Be7 7. d4 cxd4 8.
Nxd4 Qb6 9. O-O O-O-O 10. Be3 Qc7 11. Qg4 g6 12. Rfc1 Nxe5 13. Qe2 Nf6 14. h3 h5
15. Bf4 Bd6 16. Bg5 Ned7 17. Ndb5 Qb8 18. Nxd6+ Qxd6 19. Nb5 Qb6 20. c4 Qd4 21.
Nxd4 1-0

[Event "AUTO-INT-3850"]
[Site "http://www.queenalice.com/game.php?id=1824309"]
[Date "2023.10.31"]
[Round "1"]
[White "attib"]
[Black "Castling"]
[Result "0-1"]
[WhiteElo "1573"]
[BlackElo "1506"]

1. d4 g6 2. Nf3 Bg7 3. e3 b6 4. c4 Bb7 5. Nc3 Nf6 6. Be2 Ne4 7. O-O O-O 8. Qc2
Nxc3 9. bxc3 d6 10. Bb2 d5 11. Ba3 Re8 12. Qb3 Nd7 13. cxd5 c5 14. Bc4 Nf6 15.
Ne5 Qd6 16. f4 Ne4 17. Rad1 Bc8 18. Nc6 Bb7 19. dxc5 Nxc5 20. Qc2 Bxc6 21. dxc6
Qxc6 22. Rb1 Ne4 23. Bb5 Qb7 0-1

[Event "AUTO-INT-3850"]
[Site "http://www.queenalice.com/game.php?id=1824318"]
[Date "2023.10.31"]
[Round "1"]
[White "JailtonMaster"]
[Black "attib"]
[Result "1-0"]
[WhiteElo "2018"]
[BlackElo "1607"]

1. e4 d5 2. exd5 Qxd5 3. Nc3 Qd8 4. d4 e6 5. Nf3 c6 6. Bg5 Be7 7. Bxe7 Qxe7 8.
Bd3 Nf6 9. O-O b6 10. Re1 Bb7 11. Ne4 Nbd7 12. c4 O-O 13. Qc2 Nxe4 14. Bxe4 g6
15. d5 Qc5 16. dxe6 fxe6 17. Bxg6 hxg6 18. Qxg6+ 1-0

[Event "AUTO-INT-3850"]
[Site "http://www.queenalice.com/game.php?id=1824319"]
[Date "2023.10.31"]
[Round "1"]
[White "attib"]
[Black "JailtonMaster"]
[Result "0-1"]
[WhiteElo "1585"]
[BlackElo "1988"]

1. d4 d5 2. Nf3 Nf6 3. e3 e6 4. c4 Be7 5. c5 O-O 6. Nc3 b6 7. cxb6 axb6 8. Be2
c5 9. dxc5 bxc5 10. O-O Nc6 11. Bb5 Bb7 12. Bd2 Qc7 13. Bxc6 Bxc6 14. a3 Rfd8
15. Qc2 d4 16. exd4 cxd4 17. Nb5 Qb6 18. Nbxd4 Bxf3 19. Nxf3 Rac8 0-1

[Event "AUTO-ADV-4743"]
[Site "http://www.queenalice.com/game.php?id=1824361"]
[Date "2023.11.1"]
[Round "1"]
[White "chessman"]
[Black "attib"]
[Result "1-0"]
[WhiteElo "1871"]
[BlackElo "1629"]

1. e4 d5 2. exd5 Qxd5 3. Nc3 Qd8 4. d4 e6 5. Bc4 Nf6 6. Nf3 c6 7. O-O Be7 8. Re1
b6 9. a4 Bb7 10. h3 Nbd7 11. Ng5 O-O 12. Bf4 c5 13. Rxe6 fxe6 14. Nxe6 1-0

[Event "AUTO-ADV-4743"]
[Site "http://www.queenalice.com/game.php?id=1824362"]
[Date "2023.11.1"]
[Round "1"]
[White "attib"]
[Black "chessman"]
[Result "0-1"]
[WhiteElo "1575"]
[BlackElo "1998"]

1. d4 d5 2. Nf3 Nf6 3. e3 e6 4. c4 Be7 5. c5 c6 6. Nc3 O-O 7. Be2 Re8 8. a3 h6
9. b3 a6 10. Bb2 Nbd7 11. O-O Nf8 12. Re1 N6d7 13. Qc2 Nf6 14. Bd3 b6 15. Ne5
Bb7 16. cxb6 Qxb6 17. Na4 Qc7 18. Nc5 Bxc5 19. Qxc5 N6d7 20. Nxd7 Nxd7 21. Qc1
Rec8 22. h3 c5 23. dxc5 Qxc5 24. Qd1 e5 25. Bf5 Qe7 26. Qg4 Rd8 27. f4 g6 28.
Bxd7 Rxd7 29. Bxe5 Kh7 30. f5 Rad8 31. Bf4 Qf6 0-1

[Event "AUTO-ADV-4743"]
[Site "http://www.queenalice.com/game.php?id=1824375"]
[Date "2023.11.1"]
[Round "1"]
[White "attib"]
[Black "Canaye14"]
[Result "0-1"]
[WhiteElo "1615"]
[BlackElo "1826"]

1. d4 e6 2. Nf3 d5 3. e3 c5 4. c4 cxd4 5. Nxd4 Nf6 6. cxd5 Nxd5 7. Nc3 Nxc3 8.
bxc3 Bd7 9. Bb2 Be7 10. Be2 Nc6 11. O-O O-O 12. Qc2 Rc8 13. Bd3 g6 14. Qb3 Ne5
15. Be4 b6 16. Nf3 Nxf3+ 17. Bxf3 Bc6 18. Bxc6 Rxc6 0-1

[Event "AUTO-ADV-4743"]
[Site "http://www.queenalice.com/game.php?id=1824376"]
[Date "2023.11.1"]
[Round "1"]
[White "Canaye14"]
[Black "attib"]
[Result "1-0"]
[WhiteElo "1818"]
[BlackElo "1623"]

1. d4 d5 2. c4 Nf6 3. Nc3 e6 4. cxd5 Nxd5 5. e4 Nxc3 6. bxc3 c6 7. Bd3 Be7 8.
Ne2 b6 9. O-O Bb7 10. Bb2 Nd7 11. f4 Qc7 12. e5 c5 13. Rc1 Qc6 14. Rf2 O-O 15.
Ng3 Bh4 16. Be4 Qc7 17. Bxb7 Qxb7 18. Qf3 Qa6 19. d5 1-0

[Event "AUTO-ADV-4743"]
[Site "http://www.queenalice.com/game.php?id=1824377"]
[Date "2023.11.1"]
[Round "1"]
[White "attib"]
[Black "WHUSIRO"]
[Result "0-1"]
[WhiteElo "1583"]
[BlackElo "1779"]

1. d4 Nf6 2. Nf3 e6 3. e3 Be7 4. c4 O-O 5. Nc3 c5 6. Bd2 a6 7. Be2 d5 8. O-O Nc6
9. a3 Bd7 10. Bd3 Rb8 11. Re1 h6 12. Qc2 cxd4 13. Nxd4 Qc7 14. cxd5 Nxd5 15.
Rac1 Nxd4 16. exd4 Nxc3 17. Bxc3 Bf6 18. Qe2 Qd8 19. Qc2 b5 20. Bb4 Re8 21. Bh7+
Kh8 22. Bd3 Rc8 23. Qe2 Bc6 24. Bc3 Qe7 25. Bb4 Qd7 26. Bc2 Bd5 27. Qd3 g6 28.
Qh3 Kg7 29. Bd2 g5 30. Be3 a5 31. f3 a4 32. f4 Rh8 33. fxg5 hxg5 0-1

[Event "AUTO-ADV-4743"]
[Site "http://www.queenalice.com/game.php?id=1824378"]
[Date "2023.11.1"]
[Round "1"]
[White "WHUSIRO"]
[Black "attib"]
[Result "1-0"]
[WhiteElo "1824"]
[BlackElo "1525"]

1. e4 d5 2. exd5 Qxd5 3. Nc3 Qd8 4. h3 Nf6 5. Nf3 e6 6. Bc4 Be7 7. O-O c6 8. d3
b6 9. Re1 O-O 10. Bg5 a5 11. a3 Bb7 12. Qd2 Nbd7 13. Be3 b5 14. Ba2 Qc7 15. Ne2
c5 16. c3 Bxf3 17. gxf3 Bd6 18. f4 Rfe8 19. Ng3 e5 20. f5 e4 21. d4 Bxg3 22.
fxg3 Qxg3+ 23. Qg2 Qxg2+ 24. Kxg2 c4 25. Bb1 Nb6 26. Bc2 Nbd5 27. Kf2 Nh5 28.
Bd1 Nhf6 29. Bc2 g6 30. Rg1 Nxe3 31. Kxe3 Kh8 32. Raf1 gxf5 33. Rxf5 Rg8 34.
Rxg8+ Nxg8 35. Rxf7 1-0